| 000 | 00986pam a2200313 a 4500 | ||
|---|---|---|---|
| 001 | 549087 | ||
| 003 | OSt | ||
| 005 | 20140701135751.0 | ||
| 008 | 881206s1989 nyua f 001 0 eng c | ||
| 010 | _a 88026848 | ||
| 020 | _a0070321779 | ||
| 040 |
_aDNLM/DLC _cDLC _dDLC |
||
| 050 | 1 | 0 |
_aQM34 _b.S56 1989 |
| 060 | _aQS 130 S541m | ||
| 082 | 0 | 0 |
_aQS S541m 1989 _219 |
| 100 | 1 |
_aShearer, Edwin Morrill, _d1902- _9186 |
|
| 240 | 1 | 0 | _aManual of human dissection |
| 245 | 1 | 0 | _aShearer's manual of human dissection./ |
| 250 |
_a7th ed. / _bJohn J. Jacobs. |
||
| 260 |
_aNew York : _bMcGraw-Hill Information Services, _cc1989. |
||
| 300 |
_axxviii, 288 p. : _bill. ; _c24 cm. |
||
| 500 | _aIncludes index. | ||
| 650 | 0 |
_aHuman dissection _xHandbooks, manuals, etc. _9187 |
|
| 650 | 2 |
_aDissection _xlaboratory manuals. _9188 |
|
| 700 | 1 |
_aJacobs, John J. _4Editor _9189 |
|
| 740 | 0 | _aManual of human dissection. | |
| 906 |
_a7 _bcbc _corignew _d1 _eocip _f19 _gy-gencatlg |
||
| 942 |
_2z _cO_SHELF |
||
| 999 |
_c62 _d62 |
||